Central Library OPAC University of Rajshahi

The ʻAbbasid revolution / (Record no. 1652)

MARC details
000 -LEADER
fixed length control field 01048cam a2200325 4500
001 - CONTROL NUMBER
control field 1652
003 - CONTROL NUMBER IDENTIFIER
rucl marc code BD-RjUL
005 - DATE AND TIME OF LATEST TRANSACTION
control field 20211208233359.0
008 - FIXED-LENGTH DATA ELEMENTS--GENERAL INFORMATION
fixed length control field 131208s1970 enk b 001 0 eng
020 ## - INTERNATIONAL STANDARD BOOK NUMBER
International Standard Book Number 0521078490
035 ## - SYSTEM CONTROL NUMBER
System control number (BD-RjUL)1697
040 ## - CATALOGING SOURCE
Original cataloging agency DLC
Transcribing agency DLC
Modifying agency DLC
-- BD-RjUL
Language of cataloging eng
041 ## - LANGUAGE CODE
Language code of text/sound track or separate title eng
082 00 - DEWEY DECIMAL CLASSIFICATION NUMBER
Classification number 955.902
Author mark and year SHA
100 1# - MAIN ENTRY--PERSONAL NAME
Personal name Shaban, M. A.
9 (RLIN) 5463
245 14 - TITLE STATEMENT
Title The ʻAbbasid revolution /
Statement of responsibility, etc. [by] M. A. Shaban.
260 ## - PUBLICATION, DISTRIBUTION, ETC. (IMPRINT)
Place of publication, distribution, etc. Cambridge :
Name of publisher, distributor, etc. University Press,
Date of publication, distribution, etc. 1970.
300 ## - PHYSICAL DESCRIPTION
Pagination xxii, 181 p.;
Size 22 cm.
350 ## - PRICE (NR) (BK AM CF MU VM SE) [OBSOLETE]
Price £4/8/-
-- $14.50 (U.S.)
504 ## - BIBLIOGRAPHY, ETC. NOTE
Bibliography, etc Bibliography: p. 169-176.
600 30 - SUBJECT ADDED ENTRY--PERSONAL NAME
Personal name Umayyad dynasty.
650 #0 - SUBJECT ADDED ENTRY--TOPICAL TERM
Topical term or geographic name as entry element Abbasids.
9 (RLIN) 5465
Topical term or geographic name as entry element Arabs
Geographic subdivision Iran
-- Khurasan.
9 (RLIN) 5466
651 #0 - SUBJECT ADDED ENTRY--GEOGRAPHIC NAME
Geographic name Khurasan (Iran)
General subdivision History.
9 (RLIN) 5467
856 42 - ELECTRONIC LOCATION AND ACCESS
Materials specified Publisher description
Uniform Resource Identifier <a href="http://www.loc.gov/catdir/enhancements/fy1004/75112474-d.html">http://www.loc.gov/catdir/enhancements/fy1004/75112474-d.html</a>
Materials specified Table of contents only
Uniform Resource Identifier <a href="http://www.loc.gov/catdir/enhancements/fy1004/75112474-t.html">http://www.loc.gov/catdir/enhancements/fy1004/75112474-t.html</a>
942 ## - ADDED ENTRY ELEMENTS (KOHA)
Source of classification or shelving scheme Dewey Decimal Classification
Koha item type Books
Holdings
Lost status Source of classification or shelving scheme Damaged status Not for loan Collection code Permanent Location Current Location Shelving location Date acquired Source of acquisition Cost, normal purchase price Total Checkouts Full call number Date last seen Copy number Koha item type
  Dewey Decimal Classification   Not For Loan Non-fiction Central Library, University of Rajshahi Central Library, University of Rajshahi Reading Room 12/06/1975 johanthan wren and co. 4.40   955.902 SHA 1970 08/12/2013 C-1 Books
  Dewey Decimal Classification     Non-fiction Central Library, University of Rajshahi Central Library, University of Rajshahi   30/12/1974 johanthan wren and co. 4.40   955.902 SHA 1970 08/12/2013 C-2 Books
  Dewey Decimal Classification     Non-fiction Central Library, University of Rajshahi Central Library, University of Rajshahi   30/12/1974 Jonathan Wren & Co. 4.40   955.902 SHA 1970 27/04/2014 C-3 Books